000 00283nam a22001337a 4500
008 170628b xxu||||| |||| 00| 0 eng d
020 _a9780838439869
041 _aeng
080 _a82
100 _a21
101 _aGJL
245 _aACROSS CULTURES
_cSMALZER,W
942 _2udc
_cBK
999 _c19321
_d19321